header

Assessment of children / (Record no. 265411)

MARC details
000 -LEADER
fixed length control field 01206pam a2200361 a 4500
001 - CONTROL NUMBER
control field 1563633
003 - CONTROL NUMBER IDENTIFIER
control field OSt
005 - DATE AND TIME OF LATEST TRANSACTION
control field 20251202085801.0
008 - FIXED-LENGTH DATA ELEMENTS--GENERAL INFORMATION
fixed length control field 920323s1992 caua b 001 0 eng
010 ## - LIBRARY OF CONGRESS CONTROL NUMBER
LC control number 92090724
020 ## - INTERNATIONAL STANDARD BOOK NUMBER
International Standard Book Number 0961820926 :
Terms of availability $60.00
International Standard Book Number 9780961820923
035 ## - SYSTEM CONTROL NUMBER
System control number 1563633
040 ## - CATALOGING SOURCE
Original cataloging agency DLC
Transcribing agency DLC
Modifying agency DLC
050 00 - LIBRARY OF CONGRESS CALL NUMBER
Classification number BF432.C48
Item number S28 1992
082 00 - DEWEY DECIMAL CLASSIFICATION NUMBER
Classification number 155.4/1393
Edition number 20
100 1# - MAIN ENTRY--PERSONAL NAME
Personal name Sattler, Jerome M.,
Dates associated with a name 1931-
245 10 - TITLE STATEMENT
Title Assessment of children /
Statement of responsibility, etc Jerome M. Sattler.
250 ## - EDITION STATEMENT
Edition statement Rev. and updated 3rd ed.
260 ## - PUBLICATION, DISTRIBUTION, ETC. (IMPRINT)
Place of publication, distribution, etc San Diego :
Name of publisher, distributor, etc J.M. Sattler,
Date of publication, distribution, etc c1992.
300 ## - PHYSICAL DESCRIPTION
Extent xxviii, 1201 p. :
Other physical details ill. ;
Dimensions 27 cm.
336 ## - CONTENT TYPE
Content type term text
Content type code txt
Source rdacontent
337 ## - MEDIA TYPE
Media type term unmediated
Media type code n
Source rdamedia
338 ## - CARRIER TYPE
Carrier type term volume
Carrier type code nc
Source rdacarrier
504 ## - BIBLIOGRAPHY, ETC. NOTE
Bibliography, etc Includes bibliographical references and indexes.
650 #0 - SUBJECT ADDED ENTRY--TOPICAL TERM
Topical term or geographic name as entry element Children
General subdivision Intelligence testing.
Topical term or geographic name as entry element Ability
General subdivision Testing.
Topical term or geographic name as entry element Intelligence tests.
906 ## - LOCAL DATA ELEMENT F, LDF (RLIN)
a 7
b cbc
c orignew
d 1
e opcn
f 19
g y-gencatlg
942 ## - ADDED ENTRY ELEMENTS (KOHA)
Source of classification or shelving scheme Library of Congress Classification
Koha item type Long Loan Books
Holdings
Withdrawn status Lost status Source of classification or shelving scheme Damaged status Not for loan Collection code Home library Current library Shelving location Date acquired Source of acquisition Total Checkouts Full call number Barcode Date last seen Price effective from Koha item type
    Library of Congress Classification     Non-fiction Rongo University Library Rongo University Library General Stacks 02/12/2025 Books for Africa, Donation   BF432.C48 S28 1992 20260786 02/12/2025 02/12/2025 Long Loan Books

© 2026 Rongo University
Contact us: librarian | system librarian | Rongo university